000 00478nam a2200181Ia 4500
005 20240823061139.0
008 240823s9999||||xx |||||||||||||| ||und||
041 _aENGLISH
082 _A418 P7
100 _aAlan Davies
245 3 _aAn Introduction to Applied Linguistics
250 _a2nd
260 _c2007
_bEdinburgh University
500 _aTRANSFERED
650 _aAudiology Speech and Language Pathology
_bAllied Health Science
942 _cBK
999 _c232823
_d232823